000 00339nam a2200133Ia 4500
008 240624s9999 xx 000 0 und d
041 _aeng
082 _a302.35 MAR
100 _aMARTIN JOANNE
245 _aORGANIZATIONAL CULTURE MAPPING THE TERRA
260 _c2001
_aNew Delhi
_bSage Publications
300 _a415 : p.
365 _c
_b31
999 _c21038
_d21038